000 00784nam a2200253Ia 4500
003 OSt
005 20220923225505.0
006 a|||||r|||| 00| 0
007 ta
008 220922b |||||||| |||| 00| 0 hin d
024 _a269,220
037 _cTextual
040 _aARTS
_cARTS
_bhin
041 _2hin
_ahin
082 _aQ29M8:32, 152N1
100 _aश्रीकान्त
245 0 _aयुग निर्माता
_b स्वामी दयानन्द
246 _aYug nirmātā: swāmī dayānanda
260 _aदिल्ली
_b नाग प्रकाशन
_c1991
300 _a286पृ.
_ccm.
650 _aधर्म
942 _hQ29M8:32, 152N1
_cTEXL
_2CC
999 _c378559
_d378559